02123cab a2200253Ia 4500001000800000003000600008008004100014040000800055043000900063090002700072100002600099240019900125245009700324300001700421504002500438520112300463650004501586650003101631773009101662856008101753596000601834942001201840999001701852u198569SIRSI120305s2005 ua ss b eng d aEAL af-ua aART EJAR V83 No3 SI 321 aBekheit, Hassan K. M.10aEgyptian journal of agricultural research, 2005 v. 83 (3) , Special issueh[electronic resource]:bThe Third International Conference of Plant Protection Research Institute: 26-29 November 2005.10aBiological control tools and their use in insect management in Egypth[electronic resource]. ap.1249-1295. aIncludes references. aThe use of biological control is a fundamental tactic for pest suppression within an effective Integrated Pest Management (IPM) program. Biological control refers to the use of natural enemies against a pest population to reduce the pest's density and damage to a level lower than would occur in their absence (McCoy, 1987; Mahr and Ridgeway, and Lee et al. 2001). Biological control has the advantage of being self perpetuating once established and usually does not harm non-target organisms found in the environment. In addition, it is not polluting or as disruptive to the environment as chemical pesticides, nor does it leave residues on food, a concern to many people today. However, the use of biological control does require detailed knowledge of the pest's biology and population dynamics, as well as the natural enemies associated with the pest and their impact. Control is usually not complete with this IPM method since a residual population of the pest is often necessary for the natural enemies to remain in the environment, so some non-economic population levels of pests must be acceptable or tolerated. 0aInsect pestsxBiological controlzEgypt. 0aPestsxIntegrated control.0 tEgyptian Journal of Agricultural Research. g2005.v.83(3),SIx1110-63367nnaswu15858540uhttp://nile.enal.sci.eg/EALE/2005/EJAR/8305/3si/1249.pdfzFull Text Article. a1 cAR2lcc c51416d51416